Central Library OPAC University of Rajshahi

تاريخ رويان ;; Tārīkh-i Rūyān (Record no. 78420)

MARC details
000 -LEADER
fixed length control field 00925aaa a2200229 a 4500
001 - CONTROL NUMBER
control field 78420
003 - CONTROL NUMBER IDENTIFIER
rucl marc code BD-RjUL
005 - DATE AND TIME OF LATEST TRANSACTION
control field 20211209083128.0
008 - FIXED-LENGTH DATA ELEMENTS--GENERAL INFORMATION
fixed length control field 210920s19511382ir ||||| |||| 001 0 per d
035 ## - SYSTEM CONTROL NUMBER
System control number (BD-RjUL)78646
040 ## - CATALOGING SOURCE
Original cataloging agency BD-RjUL
Language of cataloging eng
Transcribing agency BD-RjUL
041 ## - LANGUAGE CODE
Language code of text/sound track or separate title per
082 ## - DEWEY DECIMAL CLASSIFICATION NUMBER
Edition number 23
Classification number 955
Author mark and year AMT 1951
100 1# - MAIN ENTRY--PERSONAL NAME
Personal name آملى, اوليا الله ;; Āmulī, Awlīyā Allāh,
Dates associated with a name active 1362
9 (RLIN) 248183
245 1# - TITLE STATEMENT
Title تاريخ رويان ;; Tārīkh-i Rūyān
Statement of responsibility, etc. تأليف مولانا اوليا الله آملى ؛ پژوهش و راستينهگردانى افشين پرتو ؛ برگردان نوشتهها و ;; Olya Allah Amoli
260 ## - PUBLICATION, DISTRIBUTION, ETC. (IMPRINT)
Place of publication, distribution, etc. ميرماه، [Tihrān] :
Name of publisher, distributor, etc. Mīrmāh,
Date of publication, distribution, etc. 1393 [2014]
300 ## - PHYSICAL DESCRIPTION
Pagination 139 p. ;
Size 22 cm
650 ## - SUBJECT ADDED ENTRY--TOPICAL TERM
Geographic subdivision Rūyān (Iran) -- History.
9 (RLIN) 248184
Geographic subdivision Gīlān (Iran : Province) -- History.
9 (RLIN) 248185
Topical term or geographic name as entry element Iran -- Gīlān (Province)
9 (RLIN) 248186
942 ## - ADDED ENTRY ELEMENTS (KOHA)
Source of classification or shelving scheme Dewey Decimal Classification
Koha item type Books
Holdings
Lost status Source of classification or shelving scheme Damaged status Not for loan Collection code Permanent Location Current Location Shelving location Date acquired Total Checkouts Full call number Date last seen Copy number Koha item type
  Dewey Decimal Classification   Not For Loan Non-fiction Central Library, University of Rajshahi Central Library, University of Rajshahi Reading Room 11/07/1979   F 955 AMT 1951 20/09/2021 C-1 Books